الأسد / (رقم التسجيلة. 43265)
[ عرض عادي ]
| 000 -LEADER | |
|---|---|
| fixed length control field | 00551nam a22001937a 4500 |
| 005 - DATE AND TIME OF LATEST TRANSACTION | |
| control field | 20251108170541.0 |
| 008 - FIXED-LENGTH DATA ELEMENTS--GENERAL INFORMATION | |
| fixed length control field | 250721s9999 xx 000 0 ara d |
| 082 14 - DEWEY DECIMAL CLASSIFICATION NUMBER | |
| Classification number | ط/599.74/أشر |
| 100 1# - MAIN ENTRY--PERSONAL NAME | |
| Personal name | أشرف، وفاء |
| 245 10 - TITLE STATEMENT | |
| Title | الأسد / |
| 264 1# - PRODUCTION, PUBLICATION, DISTRIBUTION, MANUFACTURE, AND COPYRIGHT NOTICE | |
| Place of production, publication, distribution, manufacture | القاهرة : |
| Name of producer, publisher, distributor, manufacturer | الدار المصرية اللبنانية، |
| Date of production, publication, distribution, manufacture, or copyright notice | [19-]. |
| 300 ## - PHYSICAL DESCRIPTION | |
| Extent | 16ص |
| 490 0# - SERIES STATEMENT | |
| Series statement | أريد أن أعرف ؛ 1 |
| 650 17 - SUBJECT ADDED ENTRY--TOPICAL TERM | |
| Topical term or geographic name as entry element | أدب الأطفال |
| 650 17 - SUBJECT ADDED ENTRY--TOPICAL TERM | |
| Topical term or geographic name as entry element | القصص العربية |
| 650 17 - SUBJECT ADDED ENTRY--TOPICAL TERM | |
| Topical term or geographic name as entry element | الحيوانات |
| 942 ## - ADDED ENTRY ELEMENTS (KOHA) | |
| Source of classification or shelving scheme | Dewey Decimal Classification |
| Koha item type | كتب |
| حالة السحب | حالة الفقدان | مصدر التصنيف | حالة التلف | غير قابل للإعارة | المكتبة الرئيسية | المكتبة الحالية | موقع الرف | تاريخ التزويد | الرقم المتسلسل | Total Checkouts | رقم الإستدعاء | تاريخ آخر ظهور | تاريخ الفاتورة | نوع المادة (كوها) | الباركود |
|---|---|---|---|---|---|---|---|---|---|---|---|---|---|---|---|
| Dewey Decimal Classification | مكتبة البشائر للأطفال | مكتبة البشائر للأطفال | الإعارة | 28/07/2025 | 364002 | ط/599.74/أشر | 28/07/2025 | 28/07/2025 | كتب | 364002 | |||||
| Dewey Decimal Classification | Unchecked | مكتبة البشائر للأطفال | مكتبة البشائر للأطفال | الإعارة | 28/07/2025 | 363998 | ط/599.74/أشر | 28/07/2025 | 28/07/2025 | كتب | |||||
| Dewey Decimal Classification | Unchecked | مكتبة البشائر للأطفال | مكتبة البشائر للأطفال | الإعارة | 28/07/2025 | 363995 | ط/599.74/أشر | 28/07/2025 | 28/07/2025 | كتب | |||||
| Dewey Decimal Classification | مكتبة البراءة للأطفال | مكتبة البراءة للأطفال | الأطفال | 20/05/2015 | 1598833 | ط/599.74/أشر | 28/07/2025 | 20/05/2015 | كتب | PLD00325399 | |||||
| Dewey Decimal Classification | مكتبة الحسن العامة | مكتبة الحسن العامة | الأطفال | 18/10/2018 | 363996 | ط/599.74/أشر | 28/07/2025 | 18/10/2018 | كتب | PLD00435804 | |||||
| Dewey Decimal Classification | Unchecked | مكتبة النصر العامة | مكتبة النصر العامة | الأطفال | 06/07/2004 | 4459 | ط/599.74/أشر | 28/07/2025 | 06/07/2004 | كتب | |||||
| Dewey Decimal Classification | مكتبة حمزة العامة | مكتبة حمزة العامة | الأطفال | 07/05/2018 | 1668776 | ط/599.74/أشر | 28/07/2025 | 07/05/2018 | كتب | PLD00420332 | |||||
| Dewey Decimal Classification | مكتبة صويلح العامة | مكتبة صويلح العامة | الأطفال | 21/07/2019 | 364012 | ط/599.74/أشر | 28/07/2025 | 21/07/2019 | كتب | PLD00458259 |